| 000 | 01943nam0a2200397 i 4500 | ||
|---|---|---|---|
| 001 | RU\NLR\bibl\2049218 | ||
| 005 | 20240921132532.0 | ||
| 010 |
_a9785899713514 _9550 |
||
| 021 |
_aRU _b2013-42312 _92926 |
||
| 035 | _a(nilc)RuMoRGB-006588290 | ||
| 035 | _a(NLR Aleph) 002036299 | ||
| 090 |
_a4574504 _c4574504 |
||
| 100 | _a20130603d2012 k y0rusy50 ca | ||
| 101 | 0 | _arus | |
| 102 | _aRU | ||
| 105 | _ay ||||||||| | ||
| 200 | 1 |
_aПсихологические особенности развития связной речи у детей с комплексными нарушениями зрения и интеллекта _eмонография _fИ.С. Исмаилова _gМ-во образования и науки РФ, Федер. гос. бюджет. образоват. учреждение высш. проф. образования "Армавир. гос. пед. акад." |
|
| 210 |
_aАрмавир _cАГПА _d2012 |
||
| 215 |
_a187 с. _d21 |
||
| 320 | _aБиблиогр.: с. 117-135 (233 назв.) | ||
| 606 | 1 |
_aДети с нарушением зрения _xРазвитие речи _92479421 _3RU\NLR\AUTH\661471983 |
|
| 606 | 1 |
_aДети с нарушением интеллекта _xРазвитие речи _92381255 _3RU\NLR\AUTH\661420736 |
|
| 610 | 0 | _aдети с нарушением зрения | |
| 610 | 0 | _aдети с задержкой психического развития | |
| 610 | 0 | _aсвязная устная речь у детей с отклонениями в развитии | |
| 686 | 1 | _aЧ433.613.1(2)01 | |
| 686 | 1 | _aЧ435.613.1(2)01 | |
| 700 | 1 |
_aИсмаилова _bИ. С. _gИндира Седрединовна _4070 |
|
| 801 | 0 |
_aRU _bRuMoRKP _c20130603 _gRCR |
|
| 801 | 2 |
_aRU _bРГБ _c20130614 _grcr |
|
| 801 | 1 |
_aRU _bRuMoRKP _c20130603 _2rusmarc |
|
| 801 | 2 |
_aRU _bNLR _c20130702 _grcr |
|
| 942 | _cBOOK | ||
| 980 | _aNBR | ||